000 00753nam a22002055i 4500
001 158308
003 ES-MaACL
005 20230906211107.0
008 040826s1843 gw |||| | eng d
040 _aCAM
_bspa
_cCAM
100 1 _aLytton, Edward Bulwer Lytton
_cBaron.
_974965
245 1 4 _aThe last of the barons /
_cby sir Edward Bulwer Lytton, Bart.
260 _aLeipzig :
_bBernhard Tauchnitz,
_c1843.
300 _a2 v. (XX, 394; 294 p.) ;
_c16 cm.
490 1 _aCollection of british authors ;
_v38; 39
830 0 _aCollection of british authors ;
_v38; 39
_9180703
852 _aES-MaACL
_jG-2736-37
_z-- Enc. hol.
_z-- Legado de M. de la Fuente
852 _aES-MaACL
_jG-12213
_z-- Enc. hol.
_z-- 2 t. en 1 v.
999 _c158308
_d158308